[Event "DEN-chT 1415 53rd"]
[Site "Denmark"]
[Date "2015.01.25"]
[Round "6.5"]
[White "Ostergaard, Jens"]
[Black "Kaaber Hansen, Jacob"]
[Result "1-0"]
[WhiteElo "2236"]
[BlackElo "2262"]
[PlyCount "61"]
[EventDate "2014.10.25"]
[EventType "team-tourn"]
[EventRounds "9"]
[EventCountry "DEN"]
[SourceTitle "EXT 2016"]
[Source "ChessBase"]
[SourceDate "2015.10.08"]
[SourceVersion "1"]
[SourceVersionDate "2015.10.08"]
[SourceQuality "1"]
[WhiteTeam "Hillerod"]
[BlackTeam "Obro"]
[WhiteTeamCountry "DEN"]
[BlackTeamCountry "DEN"]

1. d4 d5 2. c4 c6 3. Nc3 Nf6 4. Nf3 e6 5. e3 Nbd7 6. Bd3 dxc4 7. Bxc4 b5 8. Bd3 Bb7 9. 0-0 a6 10. e4 c5 11. d5 c4 12. dxe6 fxe6 13. Bc2 Qc7 14. Ng5 Nc5 15. f4 h6 16. Nh3 e5 17. a4 Bd6 18. axb5 Ne6 19. bxa6 exf4 20. Kh1 Be5 21. Ba4+ Bc6 22. Nd5 Qd7 23. Nxf6+ gxf6 24. Qh5+ Ke7 25. Bxc6 Qxc6 26. Nxf4 Nxf4 27. Bxf4 Bxf4 28. Rxf4 Rxa6 29. Raf1 c3 30. bxc3 Qxc3 31. Qg6 1-0

[Event "DEN-chT 1415 53rd"]
[Site "Denmark"]
[Date "2015.01.11"]
[Round "5.5"]
[White "Kaaber Hansen, Jacob"]
[Black "Bromann, Thorbjorn"]
[Result "0-1"]
[WhiteElo "2262"]
[BlackElo "2438"]
[PlyCount "82"]
[EventDate "2014.10.25"]
[EventType "team-tourn"]
[EventRounds "9"]
[EventCountry "DEN"]
[SourceTitle "EXT 2016"]
[Source "ChessBase"]
[SourceDate "2015.10.08"]
[SourceVersion "1"]
[SourceVersionDate "2015.10.08"]
[SourceQuality "1"]
[WhiteTeam "Obro"]
[BlackTeam "Bronshoj"]
[WhiteTeamCountry "DEN"]
[BlackTeamCountry "DEN"]

1. c4 e5 2. Nc3 d6 3. g3 Nc6 4. Bg2 Be6 5. d3 Qd7 6. b4 g6 7. Rb1 Bg7 8. e4 f5 9. Nge2 fxe4 10. b5 Nd8 11. Nxe4 a6 12. Qa4 Ne7 13. N2c3 h6 14. 0-0 0-0 15. b6 c6 16. Ba3 Nf7 17. Bc1 Nf5 18. Be3 Rad8 19. Ne2 Qe7 20. Bc1 g5 21. h3 Nh8 22. Qc2 Ng6 23. Bb2 Rf7 24. Rbd1 Nf8 25. Ba3 Rd7 26. N4c3 Qd8 27. Rb1 Ng6 28. Nd5 Rf8 29. Nc7 Bf7 30. Qa4 Nge7 31. Bb4 Nc8 32. Ba5 Nfe7 33. Nxa6 Bg6 34. Qc2 Qe8 35. Nc7 Qf7 36. Nc3 Qxc4 37. Rfd1 Qf7 38. Ne4 Nf5 39. Rf1 Nd4 40. Qd1 Qxa2 41. Bc3 Ne2+ 0-1

[Event "DEN-chT 1415 53rd"]
[Site "Denmark"]
[Date "2014.10.26"]
[Round "2.5"]
[White "Kaaber Hansen, Jacob"]
[Black "Pedersen, Steffen"]
[Result "0-1"]
[WhiteElo "2262"]
[BlackElo "2417"]
[PlyCount "62"]
[EventDate "2014.10.25"]
[EventType "team-tourn"]
[EventRounds "9"]
[EventCountry "DEN"]
[SourceTitle "EXT 2016"]
[Source "ChessBase"]
[SourceDate "2015.10.08"]
[SourceVersion "1"]
[SourceVersionDate "2015.10.08"]
[SourceQuality "1"]
[WhiteTeam "Obro"]
[BlackTeam "Skanderborg Nordea"]
[WhiteTeamCountry "DEN"]
[BlackTeamCountry "DEN"]

1. d4 Nf6 2. Nf3 e6 3. c4 d5 4. g3 dxc4 5. Bg2 c5 6. 0-0 Nc6 7. Qa4 Bd7 8. Qxc4 b5 9. Qc2 cxd4 10. Bf4 Rc8 11. a3 e5 12. Bg5 h6 13. Bxf6 Qxf6 14. Nbd2 Be7 15. Ne4 Qg6 16. Nfd2 0-0 17. Rac1 Na5 18. Qb1 f5 19. b4 Nc4 20. Nxc4 bxc4 21. Nd2 Be6 22. Nf3 Bf6 23. Rfd1 Rfd8 24. Rc2 e4 25. Ne1 Qf7 26. g4 Bh4 27. f3 e3 28. Bh3 fxg4 29. Bxg4 Bxg4 30. fxg4 Qf2+ 31. Kh1 Qf1# 0-1

[Event "DEN-chT 1213"]
[Site "Denmark"]
[Date "2013.01.13"]
[Round "5.4"]
[White "Kaaber Hansen, Jacob"]
[Black "Bromann, Thorbjorn"]
[Result "0-1"]
[WhiteElo "2257"]
[BlackElo "2378"]
[PlyCount "92"]
[EventDate "2012.10.27"]
[EventType "team-tourn"]
[EventRounds "9"]
[EventCountry "DEN"]
[SourceTitle "EXT 2014"]
[Source "ChessBase"]
[SourceDate "2013.11.20"]
[SourceVersion "1"]
[SourceVersionDate "2013.11.20"]
[SourceQuality "1"]
[WhiteTeam "Obro"]
[BlackTeam "Bronshoj"]
[WhiteTeamCountry "DEN"]
[BlackTeamCountry "DEN"]

1. e4 e6 2. d4 d5 3. Nc3 Nf6 4. e5 Nfd7 5. f4 c5 6. Nf3 Nc6 7. Be3 a6 8. Qd2 b5 9. a3 Qb6 10. g4 cxd4 11. Nxd4 Bc5 12. Nce2 g5 13. b4 Bxd4 14. Nxd4 gxf4 15. Bf2 Ndxe5 16. Qxf4 Nxd4 17. 0-0-0 Nb3+ 18. Kb2 Ng6 19. Qg3 Qd8 20. Kxb3 e5 21. Bd3 Qg5 22. Bxg6 hxg6 23. h4 Qf4 24. Qxf4 exf4 25. Bd4 Rh7 26. Rde1+ Be6 27. h5 Kd7 28. hxg6 Rxh1 29. Rxh1 fxg6 30. g5 f3 31. Rh7+ Kc6 32. Re7 Bf5 33. Kc3 Rh8 34. Re1 Rh2 35. Be3 Rxc2+ 36. Kb3 Rg2 37. Rf1 Be4 38. Rf2 Rg4 39. Kc3 Kd6 40. Kd4 Bf5+ 41. Kc3 Ke5 42. Bb6 d4+ 43. Kd2 Be4 44. Bc7+ Kd5 45. Bd8 Rg2 46. Ke1 d3 0-1

[Event "DEN-chT 1213"]
[Site "Denmark"]
[Date "2013.01.12"]
[Round "4.4"]
[White "Baekgaard, Martin"]
[Black "Kaaber Hansen, Jacob"]
[Result "0-1"]
[WhiteElo "2313"]
[BlackElo "2257"]
[PlyCount "44"]
[EventDate "2012.10.27"]
[EventType "team-tourn"]
[EventRounds "9"]
[EventCountry "DEN"]
[SourceTitle "EXT 2014"]
[Source "ChessBase"]
[SourceDate "2013.11.20"]
[SourceVersion "1"]
[SourceVersionDate "2013.11.20"]
[SourceQuality "1"]
[WhiteTeam "Jetsmark"]
[BlackTeam "Obro"]
[WhiteTeamCountry "DEN"]
[BlackTeamCountry "DEN"]

1. d4 d5 2. c4 c6 3. Nf3 Nf6 4. Nc3 e6 5. Bg5 h6 6. Bxf6 Qxf6 7. e3 Nd7 8. Qc2 Bb4 9. Bd3 0-0 10. 0-0 dxc4 11. Bxc4 e5 12. Ne4 Qe7 13. Rad1 exd4 14. Rxd4 Nb6 15. a3 c5 16. Nf6+ Qxf6 17. Rf4 Qe7 18. axb4 cxb4 19. Ba2 Be6 20. Qe4 Qd7 21. Rxf7 Bxf7 22. Ne5 Qe7 0-1

[Event "Politiken Cup 32nd"]
[Site "Copenhagen"]
[Date "2010.08.08"]
[Round "10"]
[White "Kaaber Hansen, Jacob"]
[Black "Guttulsrud, Odd Martin"]
[Result "0-1"]
[WhiteElo "2232"]
[BlackElo "2073"]
[PlyCount "90"]
[EventDate "2010.07.31"]
[EventType "swiss"]
[EventRounds "10"]
[EventCountry "DEN"]
[SourceTitle "CBM 137 Extra"]
[Source "ChessBase"]
[SourceDate "2010.09.01"]
[SourceVersion "1"]
[SourceVersionDate "2010.09.01"]
[SourceQuality "1"]

1. c4 Nf6 2. g3 g6 3. Bg2 Bg7 4. Nc3 0-0 5. e4 d6 6. Nge2 c5 7. 0-0 Nc6 8. d4 cxd4 9. Nxd4 Nxe4 10. Nxc6 Nxc3 11. Nxd8 Nxd1 12. Nxb7 Bxb7 13. Bxb7 Rab8 14. Rxd1 Rxb7 15. Rb1 Rc8 16. Be3 Rxc4 17. Rd2 a5 18. Kf1 a4 19. b3 Rc3 20. b4 Rb5 21. Bd4 Bxd4 22. Rxd4 Rc2 23. a3 Rc3 24. Ra1 Kf8 25. Ra2 Ke8 26. Ke2 Kd7 27. Rd3 Rxd3 28. Kxd3 Rd5+ 29. Ke4 Rd1 30. Rc2 Ra1 31. Rc3 Ra2 32. Rf3 f5+ 33. Kd5 Rc2 34. Kd4 e5+ 35. Kd3 Ra2 36. Kc4 e4 37. Rc3 Rxf2 38. Kb5 Rf3 39. Rc1 Rxa3 40. Ka6 Rb3 41. b5 d5 42. b6 d4 43. b7 d3 44. Rc5 Kd6 45. Rc8 a3 0-1

[Event "Politiken Cup 32nd"]
[Site "Copenhagen"]
[Date "2010.07.31"]
[Round "1"]
[White "Sjol, Henrik"]
[Black "Kaaber Hansen, Jacob"]
[Result "0-1"]
[WhiteElo "1849"]
[BlackElo "2232"]
[PlyCount "94"]
[EventDate "2010.07.31"]
[EventType "swiss"]
[EventRounds "10"]
[EventCountry "DEN"]
[SourceTitle "CBM 137 Extra"]
[Source "ChessBase"]
[SourceDate "2010.09.01"]
[SourceVersion "1"]
[SourceVersionDate "2010.09.01"]
[SourceQuality "1"]

1. d4 Nf6 2. Nf3 e6 3. e3 Be7 4. Bd3 b6 5. 0-0 Bb7 6. Nbd2 d5 7. Ne5 0-0 8. Re1 Ne4 9. f3 Nxd2 10. Bxd2 f6 11. Ng4 c5 12. c3 Nc6 13. Qc2 f5 14. Nf2 g6 15. Rad1 Rc8 16. Qb1 Bf6 17. dxc5 bxc5 18. e4 fxe4 19. fxe4 d4 20. Ng4 Bg7 21. e5 Qh4 22. Nf6+ Kh8 23. Re4 Bxf6 24. Rxh4 Bxh4 25. g3 Nxe5 26. Be4 Bxe4 27. Qxe4 Nf3+ 28. Kg2 Nxd2 29. Rxd2 Bg5 30. Re2 Rcd8 31. Qe5+ Bf6 32. Qxc5 d3 33. Rd2 Rf7 34. Qe3 Rfd7 35. c4 e5 36. c5 Rd4 37. b3 Kg7 38. h4 e4 39. g4 h6 40. Qf4 g5 41. Qf5 R8d5 42. Qe6 Re5 43. Qc8 e3 44. Qb7+ Re7 45. c6 exd2 46. c7 d1Q 47. c8Q Rxg4+ 0-1

[Event "Taastrup Spil Naar Du Vil V"]
[Site "Taastrup"]
[Date "2010.04.15"]
[Round "3"]
[White "Ertbjerg, Per"]
[Black "Kaaber Hansen, Jacob"]
[Result "1-0"]
[WhiteElo "1977"]
[BlackElo "2220"]
[PlyCount "77"]
[EventDate "2010.03.25"]
[EventType "swiss"]
[EventRounds "7"]
[EventCountry "DEN"]
[SourceTitle "EXT 2023"]
[Source "ChessBase"]
[SourceDate "2022.10.05"]
[SourceVersion "1"]
[SourceVersionDate "2022.10.05"]
[SourceQuality "1"]

1. d4 d5 2. c4 c6 3. Nf3 Nf6 4. Nc3 e6 5. Bg5 h6 6. Bh4 dxc4 7. a4 Bb4 8. Qc2 Nbd7 9. e4 g5 10. Bg3 b5 11. Be2 Bb7 12. 0-0 a6 13. Rfd1 Qb6 14. Ne5 h5 15. h3 h4 16. Bh2 Bd6 17. Kh1 Qc7 18. Nxd7 Nxd7 19. Bxd6 Qxd6 20. e5 Qe7 21. Ne4 Nb6 22. Nd6+ Kf8 23. b3 cxb3 24. Qxb3 Nd5 25. Bf3 Kg7 26. Bxd5 cxd5 27. axb5 axb5 28. Qxb5 Rxa1 29. Rxa1 Ra8 30. Rxa8 Bxa8 31. Qa4 Qf8 32. Ne8+ Kg6 33. Qxa8 Qb4 34. Qa1 Qb3 35. Nf6 Qc2 36. Kg1 Kg7 37. Ng4 Kh8 38. Ne3 Qd2 39. Qd1 1-0

[Event "Politiken Cup 31st"]
[Site "Helsingor"]
[Date "2009.07.24"]
[Round "8"]
[White "Sebag, Marie"]
[Black "Kaaber Hansen, Jacob"]
[Result "1-0"]
[WhiteElo "2531"]
[BlackElo "2184"]
[PlyCount "91"]
[EventDate "2009.07.18"]
[EventType "swiss"]
[EventRounds "10"]
[EventCountry "DEN"]
[SourceTitle "CBM 131 Extra"]
[Source "ChessBase"]
[SourceDate "2009.09.03"]
[SourceVersion "2"]
[SourceVersionDate "2009.09.16"]
[SourceQuality "1"]

1. e4 c5 2. Nf3 d6 3. d4 cxd4 4. Nxd4 Nf6 5. Nc3 a6 6. Be2 e6 7. a4 Nc6 8. Be3 Be7 9. 0-0 0-0 10. f4 Bd7 11. Nb3 e5 12. f5 Nb4 13. Bg5 Rc8 14. Bf3 d5 15. exd5 Bxf5 16. Rf2 Bg6 17. Bxf6 Bxf6 18. Ne4 Bxe4 19. Bxe4 a5 20. Kh1 g6 21. c3 Na6 22. d6 Nc5 23. Nxc5 Rxc5 24. Bxb7 Kg7 25. d7 Qc7 26. Bc8 Be7 27. Rd2 f5 28. Rd5 Rd8 29. h3 Qc6 30. Rxc5 Bxc5 31. Qd2 e4 32. b4 Bb6 33. c4 Qxc4 34. bxa5 e3 35. Qd6 Qd4 36. Qe7+ Kh6 37. Re1 Bxa5 38. Qxe3+ Qxe3 39. Rxe3 Kg5 40. Re5 Bc3 41. Rc5 Bd4 42. Rd5 Bf2 43. a5 Kf6 44. a6 g5 45. Ra5 Ba7 46. Rb5 1-0

[Event "Politiken Cup 30th"]
[Site "Helsingor"]
[Date "2008.07.24"]
[Round "7"]
[White "Carnstam, Tomas"]
[Black "Kaaber Hansen, Jacob"]
[Result "1-0"]
[WhiteElo "2046"]
[BlackElo "2206"]
[PlyCount "111"]
[EventDate "2008.07.19"]
[EventType "swiss"]
[EventRounds "10"]
[EventCountry "DEN"]
[SourceTitle "CBM 125 Extra"]
[Source "ChessBase"]
[SourceDate "2008.09.01"]
[SourceVersion "1"]
[SourceVersionDate "2008.09.01"]
[SourceQuality "1"]

1. b3 e5 2. Bb2 Nc6 3. e3 d5 4. Bb5 Bd6 5. f4 Qe7 6. Nf3 Bg4 7. fxe5 Bxe5 8. Bxe5 Bxf3 9. Bxc6+ bxc6 10. Qxf3 Qxe5 11. 0-0 Nf6 12. Nc3 0-0 13. Qf4 Qe7 14. Qh4 Qe6 15. Rf4 Ne8 16. Raf1 Nd6 17. R1f3 f5 18. Rh3 h6 19. Rhf3 Kh7 20. Ra4 a5 21. Qf2 Rf6 22. d3 Nb5 23. Ne2 Nd6 24. b4 Rb8 25. Nd4 Qd7 26. Rxa5 Rxb4 27. Nb3 Nb7 28. Qd2 Qe7 29. Ra7 c5 30. c3 Rbb6 31. c4 dxc4 32. dxc4 Qe4 33. Qd5 Qxd5 34. cxd5 c4 35. Nd4 Nd6 36. Rxc7 Rb1+ 37. Rf1 Rb2 38. Ne6 Kh8 39. Rc6 Ne4 40. Rxc4 Kg8 41. Rc8+ Kf7 42. Rc7+ Ke8 43. Rxg7 Nc3 44. Nf4 Rxa2 45. Rc1 Rb6 46. h3 Ra3 47. Rc7 Nb5 48. Rc8+ Kd7 49. Kf2 Ra7 50. Rh8 Ra2+ 51. Kg1 Ra3 52. Rh7+ Kd8 53. Ne6+ Rxe6 54. dxe6 Rxe3 55. Rd7+ Ke8 56. Rc8# 1-0

[Event "Taastrup Quick Weekend 6th M1"]
[Site "Taastrup"]
[Date "2007.10.27"]
[Round "2"]
[White "Kaaber Hansen, Jacob"]
[Black "Hansen, Martin Dahlskov"]
[Result "1-0"]
[WhiteElo "2130"]
[BlackElo "2149"]
[PlyCount "115"]
[EventDate "2007.10.26"]
[EventType "tourn"]
[EventRounds "5"]
[EventCountry "DEN"]
[SourceTitle "EXT 2023"]
[Source "ChessBase"]
[SourceDate "2022.10.05"]
[SourceVersion "1"]
[SourceVersionDate "2022.10.05"]
[SourceQuality "1"]

1. c4 c6 2. d4 d5 3. Nc3 Nf6 4. Nf3 e6 5. e3 Nbd7 6. Qc2 Bd6 7. g4 Nxg4 8. Rg1 f5 9. h3 Ngf6 10. Rxg7 Ne4 11. Bd2 Qf6 12. Rg2 Nf8 13. 0-0-0 Ng6 14. Be2 Bd7 15. Rdg1 0-0-0 16. Be1 Rdf8 17. Nd1 Rf7 18. h4 Kb8 19. Ng5 Nxg5 20. hxg5 Qg7 21. f4 Be8 22. Kb1 Rc7 23. c5 Be7 24. Ba5 Rc8 25. Nf2 Bd8 26. Bxd8 Rxd8 27. Nd3 Nf8 28. Rh1 Nd7 29. Rgh2 Bg6 30. Rh6 Rhg8 31. Bh5 Qf7 32. Qh2 Rg7 33. Bxg6 hxg6 34. Qg2 Rdg8 35. R1h2 b6 36. b4 Kb7 37. Qh1 Qe7 38. Rh8 Rxh8 39. Rxh8 Qf7 40. Qh6 Kc7 41. Ra8 Rh7 42. Ne5 Rxh6 43. Nxf7 Rh3 44. Nd6 bxc5 45. bxc5 Nb8 46. Rxa7+ Kd8 47. Rg7 Na6 48. Rxg6 Rxe3 49. Rg8+ Ke7 50. Rg7+ Kd8 51. g6 Nb4 52. Rb7 Re1+ 53. Kb2 Re2+ 54. Kb3 Nxa2 55. g7 Nc1+ 56. Ka3 Ra2+ 57. Kb4 Rb2+ 58. Kc3 1-0

[Event "Taastrup Quick Weekend 6th M1"]
[Site "Taastrup"]
[Date "2007.10.26"]
[Round "1"]
[White "Andersen, Rune"]
[Black "Kaaber Hansen, Jacob"]
[Result "0-1"]
[WhiteElo "2065"]
[BlackElo "2130"]
[PlyCount "106"]
[EventDate "2007.10.26"]
[EventType "tourn"]
[EventRounds "5"]
[EventCountry "DEN"]
[SourceTitle "EXT 2023"]
[Source "ChessBase"]
[SourceDate "2022.10.05"]
[SourceVersion "1"]
[SourceVersionDate "2022.10.05"]
[SourceQuality "1"]

1. d4 d5 2. c4 dxc4 3. e3 e5 4. Bxc4 exd4 5. exd4 Bb4+ 6. Nc3 Nc6 7. Nge2 Nf6 8. d5 Bxc3+ 9. bxc3 Ne5 10. Bb3 0-0 11. 0-0 Re8 12. Ng3 b5 13. a4 Bd7 14. Bg5 h6 15. Bxf6 Qxf6 16. Qd4 Qb6 17. Qf4 Nd3 18. Qh4 Nc5 19. a5 Qg6 20. Bd1 Qd3 21. Qb4 Ne4 22. Nxe4 Rxe4 23. Qc5 Qc4 24. Qa3 Rae8 25. Bf3 R4e5 26. Qb4 Qxb4 27. cxb4 Bf5 28. Rac1 Bd3 29. Rfd1 Bc2 30. Rf1 Bd3 31. Rfd1 Bc4 32. h3 Rd8 33. Rd4 Rd6 34. Rcd1 Kf8 35. g3 a6 36. Kg2 f5 37. g4 g5 38. gxf5 Rxf5 39. Be4 Rf4 40. f3 Ke7 41. Kg3 Rdf6 42. d6+ cxd6 43. Bb7 Rxd4 44. Rxd4 Kd7 45. f4 d5 46. fxg5 hxg5 47. Kg4 Kc7 48. Kxg5 Rd6 49. h4 Kxb7 50. h5 Bb3 51. Rd2 d4 52. Kf5 Bg8 53. Ke5 Rd7 0-1

[Event "Politiken Cup 29th"]
[Site "Copenhagen"]
[Date "2007.07.27"]
[Round "8"]
[White "Kaaber Hansen, Jacob"]
[Black "Rosenkilde, Alexander"]
[Result "1-0"]
[WhiteElo "2154"]
[BlackElo "2050"]
[PlyCount "45"]
[EventDate "2007.07.21"]
[EventType "swiss"]
[EventRounds "10"]
[EventCountry "DEN"]
[SourceTitle "CBM 119 Extra"]
[Source "ChessBase"]
[SourceDate "2007.09.04"]
[SourceVersion "1"]
[SourceVersionDate "2007.09.04"]
[SourceQuality "1"]

1. c4 Nf6 2. Nc3 c5 3. g3 g6 4. Bg2 Nc6 5. a3 Bg7 6. Rb1 a5 7. e4 0-0 8. Nge2 d6 9. d3 Rb8 10. 0-0 Ne8 11. Be3 e5 12. Nd5 b5 13. cxb5 Rxb5 14. Qa4 Na7 15. b4 Ba6 16. Nec3 Rb8 17. bxc5 Rxb1 18. Rxb1 Bxd3 19. Rd1 Ba6 20. cxd6 Qa8 21. Ne7+ Kh8 22. Qxa5 Nc6 23. Nxc6 1-0

[Event "Politiken Cup 29th"]
[Site "Copenhagen"]
[Date "2007.07.24"]
[Round "5"]
[White "Kaaber Hansen, Jacob"]
[Black "Petersen, Lars Uffe"]
[Result "1-0"]
[WhiteElo "2154"]
[BlackElo "1958"]
[PlyCount "53"]
[EventDate "2007.07.21"]
[EventType "swiss"]
[EventRounds "10"]
[EventCountry "DEN"]
[SourceTitle "CBM 119 Extra"]
[Source "ChessBase"]
[SourceDate "2007.09.04"]
[SourceVersion "1"]
[SourceVersionDate "2007.09.04"]
[SourceQuality "1"]

1. e4 c5 2. Nf3 Nc6 3. d4 cxd4 4. Nxd4 g6 5. c4 Nf6 6. Nc3 d6 7. Be2 Nxd4 8. Qxd4 Bg7 9. Bg5 0-0 10. Qd2 b5 11. cxb5 Bb7 12. f3 Qa5 13. 0-0 Rfb8 14. a3 a6 15. b4 Qc7 16. Rfc1 Qd7 17. a4 Rc8 18. bxa6 Bxa6 19. b5 Bb7 20. a5 Rc5 21. Be3 Rh5 22. a6 Bc8 23. b6 Bxa6 24. Rxa6 Rxa6 25. Bxa6 Ra5 26. b7 Qd8 27. Nb5 1-0

[Event "Politiken Cup 29th"]
[Site "Copenhagen"]
[Date "2007.07.22"]
[Round "2"]
[White "Kaaber Hansen, Jacob"]
[Black "Thorhallsson, Throstur"]
[Result "0-1"]
[WhiteElo "2154"]
[BlackElo "2461"]
[PlyCount "72"]
[EventDate "2007.07.21"]
[EventType "swiss"]
[EventRounds "10"]
[EventCountry "DEN"]
[SourceTitle "CBM 119 Extra"]
[Source "ChessBase"]
[SourceDate "2007.09.04"]
[SourceVersion "1"]
[SourceVersionDate "2007.09.04"]
[SourceQuality "1"]

1. e4 c5 2. Nf3 Nc6 3. d4 cxd4 4. Nxd4 Nf6 5. Nc3 d6 6. Bg5 e6 7. Qd2 a6 8. 0-0-0 Bd7 9. Be2 Rc8 10. f4 h6 11. Bh4 Nxe4 12. Bxd8 Nxd2 13. Bb6 Nxd4 14. Bxd4 Nc4 15. b3 Na5 16. Rhe1 Nc6 17. Bb6 Be7 18. Kb1 d5 19. Bg4 Bb4 20. Nxd5 Bxe1 21. Rxe1 0-0 22. Ne3 Ne7 23. c4 Bc6 24. g3 Rfe8 25. Nd1 Ng6 26. Nf2 Nf8 27. Ba5 Nd7 28. Bd1 b6 29. Bb4 Nf6 30. Bc2 Red8 31. Kb2 b5 32. Ba5 Rd7 33. Kc3 bxc4 34. bxc4 Bb5 35. Bb3 Bxc4 36. Bxc4 Nd5+ 0-1

[Event "Copenhagen-ch Obro 70th"]
[Site "Copenhagen"]
[Date "2006.10.20"]
[Round "7"]
[White "Kaaber Hansen, Jacob"]
[Black "Skovgaard, Tom"]
[Result "1-0"]
[WhiteElo "2143"]
[BlackElo "1992"]
[PlyCount "65"]
[EventDate "2006.10.14"]
[EventType "swiss"]
[EventRounds "9"]
[EventCountry "DEN"]
[SourceTitle "EXT 2007"]
[Source "ChessBase"]
[SourceDate "2006.11.23"]
[SourceVersion "1"]
[SourceVersionDate "2006.11.23"]
[SourceQuality "1"]

1. e4 g6 2. d4 Bg7 3. f4 d6 4. Nc3 a6 5. Nf3 b5 6. Be3 Nd7 7. a4 b4 8. Nb1 Bb7 9. Nbd2 c5 10. Bd3 Nh6 11. h3 0-0 12. 0-0 cxd4 13. Nxd4 Nc5 14. Ra2 e5 15. N4b3 Nxd3 16. cxd3 f5 17. Ra1 exf4 18. Bxf4 Nf7 19. exf5 Bxb2 20. fxg6 hxg6 21. Rb1 Qb6+ 22. Kh1 Qc6 23. Qg4 Bg7 24. Na5 Qd5 25. Nxb7 Qxb7 26. Qxg6 d5 27. Nf3 a5 28. Nd4 Nh8 29. Qg4 Ra6 30. Ne6 Qd7 31. Qxg7+ Qxg7 32. Nxg7 Kxg7 33. Be5+ 1-0

[Event "Politiken Cup 28th"]
[Site "Copenhagen"]
[Date "2006.07.29"]
[Round "8"]
[White "Kaaber Hansen, Jacob"]
[Black "Ostmoe, Geir S Tallaksen"]
[Result "0-1"]
[WhiteElo "2117"]
[BlackElo "2356"]
[PlyCount "92"]
[EventDate "2006.07.22"]
[EventType "swiss"]
[EventRounds "9"]
[EventCountry "DEN"]
[SourceTitle "CBM 113 Extra"]
[Source "ChessBase"]
[SourceDate "2006.09.14"]
[SourceVersion "1"]
[SourceVersionDate "2006.09.14"]
[SourceQuality "1"]

1. e4 e5 2. Nf3 Nc6 3. Bb5 a6 4. Ba4 Nf6 5. 0-0 Be7 6. Re1 b5 7. Bb3 d6 8. c3 0-0 9. h3 Nb8 10. d4 Nbd7 11. Nbd2 Bb7 12. Bc2 Re8 13. Nf1 Bf8 14. Ng3 g6 15. a4 Bg7 16. Bd3 c6 17. Bg5 Qc7 18. Qd2 Nf8 19. Bh6 Ne6 20. Bxg7 Kxg7 21. Bf1 Nf4 22. c4 bxc4 23. Bxc4 a5 24. Ra3 Ba6 25. Bxa6 Rxa6 26. Rb3 Ne6 27. Rc1 h6 28. dxe5 dxe5 29. Qc3 Nd7 30. Qc4 Nec5 31. Rd1 Nxb3 32. Qxa6 Nbc5 33. Qc4 Rb8 34. Qc2 Rb4 35. Ra1 Qb6 36. Ra2 Nxa4 37. Qd2 Nf6 38. Qc2 Rxb2 39. Rxb2 Nxb2 40. Nxe5 a4 41. Nxc6 a3 42. Qc3 Nd1 43. Qd4 Qxc6 44. e5 a2 45. Qxd1 Qc3 46. exf6+ Qxf6 0-1

[Event "Politiken Cup 28th"]
[Site "Copenhagen"]
[Date "2006.07.26"]
[Round "5"]
[White "Grove, Peter"]
[Black "Kaaber Hansen, Jacob"]
[Result "1/2-1/2"]
[WhiteElo "1942"]
[BlackElo "2117"]
[PlyCount "37"]
[EventDate "2006.07.22"]
[EventType "swiss"]
[EventRounds "9"]
[EventCountry "DEN"]
[SourceTitle "CBM 113 Extra"]
[Source "ChessBase"]
[SourceDate "2006.09.14"]
[SourceVersion "1"]
[SourceVersionDate "2006.09.14"]
[SourceQuality "1"]

1. c4 e6 2. Nc3 d5 3. d4 Nf6 4. cxd5 exd5 5. Bg5 Be7 6. Qc2 c6 7. e3 Nbd7 8. Bd3 0-0 9. Nf3 Re8 10. 0-0 h6 11. Bh4 Ne4 12. Bg3 Nxg3 13. hxg3 Nf6 14. Rab1 a5 15. a3 b6 16. Ne5 Bd7 17. Rfc1 Bd6 18. Nxd7 Nxd7 19. Bf5 1/2-1/2

[Event "Politiken Cup 28th"]
[Site "Copenhagen"]
[Date "2006.07.23"]
[Round "2"]
[White "Kaaber Hansen, Jacob"]
[Black "Rasmussen, Karsten"]
[Result "0-1"]
[WhiteElo "2117"]
[BlackElo "2467"]
[PlyCount "72"]
[EventDate "2006.07.22"]
[EventType "swiss"]
[EventRounds "9"]
[EventCountry "DEN"]
[SourceTitle "CBM 113 Extra"]
[Source "ChessBase"]
[SourceDate "2006.09.14"]
[SourceVersion "1"]
[SourceVersionDate "2006.09.14"]
[SourceQuality "1"]

1. e4 c6 2. d4 d5 3. Nc3 dxe4 4. Nxe4 Bf5 5. Ng3 Bg6 6. h4 h6 7. Nf3 Nd7 8. h5 Bh7 9. Bd3 Bxd3 10. Qxd3 e6 11. Bf4 Ngf6 12. 0-0-0 Nd5 13. Bd2 Nb4 14. Qb3 a5 15. Kb1 a4 16. Qe3 Nd5 17. Qe2 b5 18. c3 a3 19. b3 Qb6 20. Ne5 Nxe5 21. dxe5 Be7 22. f4 0-0-0 23. Ne4 Rd7 24. Qf2 Qxf2 25. Nxf2 Rhd8 26. Kc2 f5 27. Nd3 c5 28. Nf2 c4 29. b4 Rf8 30. Rh3 Bd8 31. Be3 Bc7 32. Bc5 Rfd8 33. Rf3 Kb7 34. Rd4 Bb6 35. Bxb6 Kxb6 36. Kb1 Nxc3+ 0-1

[Event "Taastrup Spil Naar Du Vil 1st"]
[Site "Taastrup"]
[Date "2006.07.20"]
[Round "3"]
[White "Kaaber Hansen, Jacob"]
[Black "Rosenkilde, Alexander"]
[Result "1-0"]
[WhiteElo "2124"]
[BlackElo "2024"]
[PlyCount "57"]
[EventDate "2006.03.30"]
[EventType "swiss"]
[EventRounds "9"]
[EventCountry "DEN"]
[SourceTitle "EXT 2023"]
[Source "ChessBase"]
[SourceDate "2022.10.05"]
[SourceVersion "1"]
[SourceVersionDate "2022.10.05"]
[SourceQuality "1"]

1. e4 c5 2. Nf3 Nc6 3. d4 cxd4 4. Nxd4 Nf6 5. Nc3 e5 6. Ndb5 d6 7. Bg5 a6 8. Na3 b5 9. Bxf6 gxf6 10. Nd5 f5 11. c3 Bg7 12. exf5 Bxf5 13. Nc2 0-0 14. Nce3 Bg6 15. h4 Be4 16. h5 f5 17. f3 f4 18. h6 Bh8 19. fxe4 fxe3 20. Qg4+ Kf7 21. Qh5+ Kg8 22. Qg4+ Kf7 23. Be2 Ne7 24. Rf1+ Ke8 25. Qe6 Rxf1+ 26. Kxf1 Kf8 27. Bh5 Ng6 28. Ke2 Bf6 29. Bxg6 1-0